सीतेश आलोक: संकलित कहानियां / (Record no. 207910)
[ view plain ]
| 000 -LEADER | |
|---|---|
| fixed length control field | 00833nam a22001937a 4500 |
| 005 - DATE AND TIME OF LATEST TRANSACTION | |
| control field | 20241223161717.0 |
| 010 ## - LCCN (DPL NO) | |
| LC control number | HIN-129049 |
| 020 ## - INTERNATIONAL STANDARD BOOK NUMBER | |
| International Standard Book Number | 9788123787084 |
| Terms of availability | 200.00 |
| 035 ## - SYSTEM CONTROL NUMBER | |
| System control number | HN-101395 |
| 037 ## - SOURCE OF ACQUISITION | |
| Source of stock number/acquisition | DBAD |
| 082 ## - DEWEY DECIMAL CLASSIFICATION NUMBER | |
| Classification number | क |
| 100 ## - MAIN ENTRY--PERSONAL NAME | |
| Personal name | आलोक, सीतेश |
| 245 ## - TITLE STATEMENT | |
| Title | सीतेश आलोक: संकलित कहानियां / |
| Statement of responsibility, etc | सीतेश आलोक |
| 250 ## - EDITION STATEMENT | |
| Edition statement | प्रथम |
| 260 ## - PUBLICATION, DISTRIBUTION, ETC. (IMPRINT) | |
| Place of publication, distribution, etc | नई दिल्ली |
| Name of publisher, distributor, etc | राष्ट्रीय पुस्तक न्यास |
| Date of publication, distribution, etc | 2018 |
| 270 ## - ADDRESS | |
| Address | नेहरू भवन, 5, इंस्टीट्यूटशनल एरिया, फेज-2, वसंत कुंज |
| City | नई दिल्ली |
| Postal code | 110070 |
| 300 ## - PHYSICAL DESCRIPTION | |
| Extent | 173 पृ. |
| Dimensions | 20 सेमी (अजिल्द) |
| 942 ## - ADDED ENTRY ELEMENTS (KOHA) | |
| Source of classification or shelving scheme | Dewey Decimal Classification |
| Item type | Hindi Books |
| Classification part | क |
| Call number suffix | आलोक |
| Withdrawn status | Lost status | Not for loan | Collection code | Home library | Current library | Date acquired | Source of acquisition | Cost, normal purchase price | Full call number | Barcode | Copy number | Cost, replacement price | Koha item type |
|---|---|---|---|---|---|---|---|---|---|---|---|---|---|
| Fiction | R.K.Puram-8 | R.K.Puram-8 | 23/12/2024 | DBAD | 200.00 | क आलोक | HN-101395 | 1 | 200.00 | Hindi Books |
